An auctioneer's jubilee (Record no. 79318)
[ view plain ]
| 000 -LEADER | |
|---|---|
| fixed length control field | 00580cab a22001815a 4500 |
| 001 - CONTROL NUMBER | |
| control field | L140709 |
| 008 - FIXED-LENGTH DATA ELEMENTS--GENERAL INFORMATION | |
| fixed length control field | 071008e18990225xxk 000 0 eng d |
| 035 ## - SYSTEM CONTROL NUMBER | |
| System control number | (Sirsi) u140709 |
| 041 0# - LANGUAGE CODE | |
| Language code of text/sound track or separate title | eng |
| 245 03 - TITLE STATEMENT | |
| Title | An auctioneer's jubilee |
| Remainder of title | Messrs. E. and A. Swain |
| 260 ## - PUBLICATION, DISTRIBUTION, ETC. | |
| Date of publication, distribution, etc. | 1899 |
| 490 ## - SERIES STATEMENT | |
| Series statement | Land Agents' Record |
| Volume/sequential designation | 25 February 1899, 1-4(4) |
| 520 ## - SUMMARY, ETC. | |
| Summary, etc. | A profile of the auctioneering firm E. and A. Swain, reprinted from the Land Agents' Record of 25 February 1899. |
| 610 24 - SUBJECT ADDED ENTRY--CORPORATE NAME | |
| Corporate name or jurisdiction name as entry element | E and A Swain |
| 9 (RLIN) | 5376 |
| 651 #4 - SUBJECT ADDED ENTRY--GEOGRAPHIC NAME | |
| Geographic name | United Kingdom |
| Chronological subdivision | |
| 690 ## - LOCAL SUBJECT ADDED ENTRY--TOPICAL TERM (OCLC, RLIN) | |
| Topical term or geographic name as entry element | Auctioneering |
| 9 (RLIN) | 6218 |
| 942 ## - ADDED ENTRY ELEMENTS (KOHA) | |
| Suppress in OPAC | 0 |
| Withdrawn status | Lost status | Source of classification or shelving scheme | Damaged status | Not for loan | Home library | Current library | Shelving location | Date acquired | Total Checkouts | Full call number | Barcode | Date last seen | Copy number | Price effective from | Koha item type |
|---|---|---|---|---|---|---|---|---|---|---|---|---|---|---|---|
| Dewey Decimal Classification | London | London | Basement | 08/10/2007 | BASEMENT BOX 1 | 140709-1001 | 06/08/2019 | 1 | 06/08/2019 | Archive |